| 000 | 00436cam a2200181ua 4500 | ||
|---|---|---|---|
| 020 | _cRs 17.60 | ||
| 041 |
_aeng _h |
||
| 082 |
_a330.1 _bHAG/ES |
||
| 100 | _aHauge, Douglar C . | ||
| 245 |
_aEssentials of economics / _cDouglar C Hauge. _hTextual Documents |
||
| 250 |
_a1 / _b. |
||
| 260 |
_aLondon : _bLongman , _c1964. |
||
| 300 | _a173 ; . | ||
| 365 | _aRs 17.60 | ||
| 504 | _a | ||
| 942 | _cBK | ||
| 999 |
_c1912 _d1912 |
||